2024 (Record no. 4071)

MARC details
000 -BAŞLIK
Sabit Uzunlukta Kontrol Alanı 00718na a2200265 4500
001 - KONTROL NUMARASI
Denetim Alanı 14171
003 - KONTROL NUMARASI IDENTIFIER
Denetim Alanı MIRAKIL
005 - SON İŞLEM TARİHİ VE ZAMANI
Denetim Alanı 20181213154952.0
008 - SABİT-BOY VERİ ELEMANLARI - GENEL BİLGİLER
Sabit Uzunlukta Kontrol Alanı 161031b tu 000 0
020 ## - ULUSLARARASI STANDART KİTAP NUMARASI
Uluslararası Standart Kitap Numarası 9758971727
035 ## - SİSTEM KONTROL NUMARASI
Sistem Kontrol Numarası 14171
040 ## - KATALOGLAMA KAYNAK
Orijinal Kataloglama Ajansı Milas
Kataloglama Dili tur
Metne Dönüştürmek Ajansı TR-AnCHP
041 ## - DİL KODU
Metin / Ses Parça Veya Ayrı Başlığın Dil Kodu tur
082 ## - DEWEY ONLU SINIFLANDIRMA NUMARASI
Sınıflandırma Numarası 813.42
Ürün Numarası Ş33i 2012
090 ## - SINIFLAMA NUMARASI
Sınıflama Numarası 813.42 Ş33i 2012
100 ## - ANA GİRİŞ - KİŞİSEL İSİM
Kişisel Ad Şehsuvaroğlu, Lütfü
245 ## - BAŞLIK TABLOSU
Başlık 2024
Başlığın Kalan Armada üçlüsü
Sorumluluk Tablosu, Vb Lütfü Şehsuvaroğlu
246 ## - UNVAN FORM VARYING
Başlık Doğru / Kısa Başlığı Armada üçlüsü
Başlığın Kalan Armada Üçlüsü
260 ## - YAYIN, DAĞITIM, VB
Yayın, Dağıtım, Vb Yeri Ankara
Yayıncı, Dağıtıcı, Vs Adı Elips Kitapları
Yayın, Dağıtım, Vb Tarihi 2012
300 ## - FİZİKSEL TANIM
Kapsam 353 s.
Boyutlar 19 sm.
490 ## - SERİSİ TABLOSU
Seri Beyanı Elips Kitapları
Hacim / Ardışık Tanımı 301
650 ## - KONU KATMA GİRİŞ - TOPİKAL DÖNEM
Topikal Süreli Veya Coğrafi Ad Giriş Elemanı Türkçe roman
650 ## - KONU KATMA GİRİŞ - TOPİKAL DÖNEM
Topikal Süreli Veya Coğrafi Ad Giriş Elemanı Türk edebiyatı
Genel Alt Bölümü Roman
942 ## - EKLENDİ GİRİŞ ELEMANLARI (KOHA)
Sınıflandırma Veya Raf Düzeni Kaynak Dewey Decimal Classification
Koha Öğesi Türü Books
999 ## - SİSTEM KONTROL NUMARALARI (KOHA)
Koha Biblionumber 4071
Koha Biblioitemnumber 4071
Holdings
Kalıcı Konum Mevcut Konum Edinme Tarihi Edinim Kaynak Toplam Check-Out'Lar Tam Çağrı Numarası Barkod Tarih Son Görülme İtibaren Geçerli Fiyatlar Koha Öğesi Türü
CHP Kütüphanesi CHP Kütüphanesi 08/24/2016 Bağış   813.42 Ş33i 2012 002044 08/24/2016 08/24/2016 Books